Science-10 (Record no. 11281)

MARC details
000 -LEADER
fixed length control field 00242nam a22000977a 4500
008 - FIXED-LENGTH DATA ELEMENTS--GENERAL INFORMATION
fixed length control field 190115b ||||| |||| 00| 0 eng d
020 ## - INTERNATIONAL STANDARD BOOK NUMBER
International Standard Book Number 9789350637531
100 ## - MAIN ENTRY--PERSONAL NAME
Personal name Singh,etal.
9 (RLIN) 4217
245 ## - TITLE STATEMENT
Title Science-10
260 ## - PUBLICATION, DISTRIBUTION, ETC. (IMPRINT)
Place of publication, distribution, etc. New Delhi
Name of publisher, distributor, etc. Evergreen
Date of publication, distribution, etc. 2018
Holdings
Withdrawn status Lost status Source of classification or shelving scheme Damaged status Koha normalized classification for sorting Not for loan Home library Current library Shelving location Date acquired Total Checkouts Full call number Barcode Date last seen Price effective from Koha item type
    Dewey Decimal Classification   510_000000000000000   Good Samaritan School Library Good Samaritan School Library Science 01/15/2019   510 SIN15222 01/15/2019 01/15/2019 BOOK

Powered by Koha